00438nam a22001457a 450000500170000000800410001702000180005804100090007608200140008510000250009924500930012426000390021730000190025665000170027520250326172045.0250326b |||||||| |||| 00| 0 eng d a9798886130980 aEng. a511.5 GRI aGriffin, Christopher aApplied Graph Theory: An Introduction with Graph Optimization and Algebraic Graph Theory aNew JerseybWorld Scientificc2024 a282;. P. 23 cm aGraph Theory